Jedność dwojga
| Titel: | Jedność dwojga : prekursorski charakter personalistycnego rozumienia małżeństwa w ujeciu Herberta Domsa (1890 - 1977) / Konrad Glombik |
|---|---|
| Verfasser: | |
| Veröffentlicht: | Opole [u.a.] : Wydział Teologiczny Uniw. Opolskiego, 2007 |
| Umfang: | 517 S. : Ill. |
| Format: | Buch |
| Sprache: | Polnisch |
| Schriftenreihe/ mehrbändiges Werk: |
Seria: Opolska Biblioteka Teologiczna ; 102 |
| ISBN: | 9788360244708 |
alg: 35139032
001A $03023:10-12-14
001B $03025:07-03-26 $t13:30:34.000
001C $03023:10-12-14 $t05:26:33.000
001D $03023:10-12-14
001U $0utf8
001X $00
002@ $0Aax
003@ $0351390324
004A $A978-83-60244-70-8
007A $0351390324 $aHEB
007I $0thf129154
007T $0Herdc0053742m
010@ $apol
011@ $a2007
021A $aJedność dwojga $dprekursorski charakter personalistycnego rozumienia małżeństwa w ujeciu Herberta Domsa (1890 - 1977) $hKonrad Glombik
027A/01 $aZweieinigkeit. Präkursorische Bedeutung der personalistischen Sicht der Ehe bei Herbert Doms
028A $#Glombik, Konrad Józef $7134259904 $8Glombik, Konrad$Z1970- [Tp3] $9198353685
033A $pOpole {[u.a.] $nWydział Teologiczny Uniw. Opolskiego
034D $a517 S.
034M $aIll.
036E $aSeria: Opolska Biblioteka Teologiczna $l102
037A $aParallelsacht.: The unity of two
037A $aLiteraturverz. S. [459] - 485
037A $aZsfassung in engl. u. dt. Sprache u.d.T.: The Unity o Two. The precursory character of a personalistic understanding of marriage by Herbert Doms bzw. u.d.T: Zweieinigkeit. Präkursorische Bedeutung der personalistischen Sicht der Ehe bei Herbert Doms
039U $8--Aox--Żarkiewicz-Dannhardt, Jolanta. Glombik, Konrad, 1970-. Jedność dwojga. - Opole {[u.a.] : Wydział Teologiczny Uniw. Opolskiego. - 2007 [Rezension], 2008 $939492360X
044K $#Doms, H. $D20251120 $Ecgmnf $7118680293 $8Doms, Herbert$Z1890-1977 [Tp1] $9087021153
044K $RFamilie $REheliche Lebensgemeinschaft $#Married people $#Married people Psychology $#Marriage $#Mariage $#Couples $#Psychologie du couple $#Ehe $#Ehe $#Ehe/Heirat $#Eheleben $#Ehen $D20251120 $Ecgmnf $74013630-9 $8Ehe [Ts1] $9085030112
044K $RChristliche Ethik $RTheologische Ethik $RMoraltheologe $RMoraltheologin $#Christian ethics Catholic authors $#Christian ethics $#Morale chrétienne Église catholique $#Théologie morale $#Moral cristiana Iglesia Católica $#Moraltheologie $#Katholische Ethik $#Katholische Moraltheologie $#Katholische Sittenlehre $#Katholisch-Theologische Ethik $D20251120 $Ecgmnf $74074972-1 $8Moraltheologie [Ts1] $9085211311
045F $a929.09438 $eDDC23BSB
045F/01 $a929
045F/03 $g438
045G $a200.943850904 $eDDC23BSB
045G/01 $a200.9
045G/03 $f0904
045G/03 $g4385
046C $aZweieinigkeit. Präkursorische Bedeutung der personalistischen Sicht der Ehe bei Herbert Doms $bÜbers. des Hauptsacht.
lok: 35139032 76
101B $010-12-14 $t05:26:33.000
101U $0utf8
144Z/01 $aDoms, Herbert / Vom Sinn und Zweck der Ehe
144Z/02 $aEhetheologie
144Z/03 $aPersonalismus
144Z/04 $aZweieinigkeit
144Z/05 $aEmpfängnisverhütung
exp: 35139032 76 1 #EPN
201B/01 $018-12-14 $t15:23:20.000
201U/01 $0utf8
203@/01 $0745739776
208@/01 $a03-12-14 $br
209A/01 $a2008:1878 $du $f000 $h2008 1878 $x00
209C/01 $a2008:1878 $h2008 1878
209G/01 $aFUL2$0292450 $x00
209G/01 $aMagazin $x01
245S/01 $arel $x01
247C/01 $8648002-0 Fulda, Bibliothek des Bischöflichen Priesterseminars $9320103366
lok: 35139032 78
exp: 35139032 78 1 #EPN
201B/01 $019-04-17 $t14:35:16.000
201U/01 $0utf8
203@/01 $0791733750
208@/01 $a12-11-16 $be
209A/01 $a/ $f000 $x00
220C/01 $aTitelaufnehmer: wr;tn
220C/01 $aHerkunft: HI Marburg
220C/01 $aAnmerkung: *ng
244Z/01 $2Trx $#Poola $#Lenkija $#Polija $#Polen Land $#Poland $#Lengyelország $#Poľsko $#Polsko $8--Trx--Polska$gkraj $x01 $9391345966
244Z/01 $aGeschichte 1890-1977 $x02
244Z/01 $2Trx $8--Trx--Doms, Herbert$Z1890-1977 $x03 $9390743089
244Z/01 $2Trx $#abielukäitumine $#vedybiniai santykiai $#connubium $#házassági magatartás $#małżeństwa i śluby $#uzatvorenie manželstva $#manželství $#śluby $8--Trx--Heiratsverhalten $x04 $9391360078
244Z/01 $2Trx $#teoloogid $#teologai $#theologians $#teológusok $#teologowie $#teológovia $#teologové $8--Trx--Theologen $x05 $9391364359
244Z/01 $2Trx $8--Trx--Monographie $x06 $9391384546
245Z/01 $a12.03 $x01
247C/01 $82080>Marburg/Lahn, Herder-Institut, Forschungsbibliothek, Bibliographieportal $9336309341
| LEADER | 00000cam a22000002c 4500 | ||
|---|---|---|---|
| 001 | 351390324 | ||
| 003 | DE-603 | ||
| 005 | 20260307133034.0 | ||
| 007 | tu | ||
| 008 | 141210s2007 xx |||| | u00||u|pol c | ||
| 020 | |a 9788360244708 | ||
| 035 | |a (DE-599)HEB351390324 | ||
| 040 | |a DE-603 |b ger |c DE-603 |d DE-603 | ||
| 041 | |a pol | ||
| 082 | 0 | 4 | |8 1\u |a 929.09438 |q DE-101 |2 23/BSB |
| 083 | 0 | |8 2\u |a 200.943850904 |q DE-101 |2 23/BSB | |
| 085 | |8 1\u |b 929 | ||
| 085 | |8 1\u |z 2 |s 438 | ||
| 085 | |8 2\u |b 200.9 | ||
| 085 | |8 2\u |z 1 |s 0904 | ||
| 085 | |8 2\u |z 2 |s 4385 | ||
| 100 | 1 | |a Glombik, Konrad |d 1970- |0 (DE-603)198353685 |0 (DE-588)134259904 |2 gnd | |
| 245 | 0 | 0 | |a Jedność dwojga |b prekursorski charakter personalistycnego rozumienia małżeństwa w ujeciu Herberta Domsa (1890 - 1977) |c Konrad Glombik |
| 246 | 1 | |i Übers. des Hauptsacht. |a Zweieinigkeit. Präkursorische Bedeutung der personalistischen Sicht der Ehe bei Herbert Doms | |
| 246 | 1 | 3 | |a Zweieinigkeit. Präkursorische Bedeutung der personalistischen Sicht der Ehe bei Herbert Doms |
| 264 | 1 | |a Opole [u.a.] |b Wydział Teologiczny Uniw. Opolskiego |c 2007 | |
| 300 | |a 517 S. |b Ill. | ||
| 490 | 0 | |a Seria: Opolska Biblioteka Teologiczna |v 102 | |
| 500 | |a Parallelsacht.: The unity of two | ||
| 500 | |a Literaturverz. S. [459] - 485 | ||
| 500 | |a Zsfassung in engl. u. dt. Sprache u.d.T.: The Unity o Two. The precursory character of a personalistic understanding of marriage by Herbert Doms bzw. u.d.T: Zweieinigkeit. Präkursorische Bedeutung der personalistischen Sicht der Ehe bei Herbert Doms | ||
| 600 | 1 | 7 | |a Doms, Herbert |d 1890-1977 |0 (DE-588)118680293 |0 (DE-603)087021153 |2 gnd |
| 650 | 7 | |a Ehe |0 (DE-588)4013630-9 |0 (DE-603)085030112 |2 gnd | |
| 650 | 7 | |a Moraltheologie |0 (DE-588)4074972-1 |0 (DE-603)085211311 |2 gnd | |
| 787 | 0 | 8 | |i Rezensiert in |a Żarkiewicz-Dannhardt, Jolanta |t Glombik, Konrad, 1970-. Jedność dwojga. - Opole [u.a.] : Wydział Teologiczny Uniw. Opolskiego. - 2007 [Rezension] |w (DE-603)39492360X |
| 924 | 0 | |9 Ful 2 |a (DE-603)745739776 |b DE-Ful2 |c HES |d d |g 2008:1878 | |
| 924 | 0 | |9 2080 |a (DE-603)791733750 |b DE-2080 |c HES |d d |g / | |


